000 00632nam a22002417a 4500
003 UA-OsUOA
001 29047
007 ta
008 20050524b un ||||| |||| 00| 0 ukr d
090 _a94(100)"1939/1959"
_bН72
942 _cBK
040 _aUA-OsUOA
_brus
_cUA-OsUOA
_dUA-OsUOA
245 _aНовейшая история
_b(1939-1959)
300 _a672 с.
955 _a0
041 _arus
080 _a94(100)"1939/1959"
260 _aМосква
_bИздательство ВПШ и АОН при ЦК КПСС
_c1959
246 3 1 _aЧ.2
_n
044 _aRU
650 7 _2UDC
999 _c315424
_d315424